000
00196 a2200097 4500
001
18203
100
_a
Swift, J
245
_a
Gulliver's travels
260
_a
_b
Bancroft
_c
090
_c
13497
_d
13497
942
_a
NUST-CAE
_c
M
_c
3888
999
_c
253276
_d
253276